Normal view
MARC view
Entry Topical Term
001 - CONTROL NUMBER
- control field: 12091
003 - CONTROL NUMBER IDENTIFIER
- control field: BD-RjUL
005 - DATE AND TIME OF LATEST TRANSACTION
- control field: 20240305121011.0
008 - FIXED-LENGTH DATA ELEMENTS
- fixed length control field: 240305|| aca||aabn | a|a d
040 ## - CATALOGING SOURCE
- Original cataloging agency: BD-RjUL
- Transcribing agency: BD-RjUL
150 ## - HEADING--TOPICAL TERM
- Topical term or geographic name entry element: সংস্কৃত সাহিত্য
- Form subdivision: ইতিহাস ও সমালোচনা
670 ## - SOURCE DATA FOUND
- Source citation: Work cat.: (BD-RjUL)83229: মিশ্র, সুপর্ণা বসু 12090, সংস্কৃত সাহিত্যের ইতিহাস /, ২০১৩